| 000 | 00490nam a2200181Ia 4500 | ||
|---|---|---|---|
| 008 | 151018s9999 xx 000 0 und d | ||
| 082 |
_bRBASDV45552 _a923.8 |
||
| 100 | _aएस ए साबावाला | ||
| 245 | _aकीनोट | ||
| 250 | _b2 | ||
| 260 |
_bक्ष _c2008 |
||
| 300 | _a251 | ||
| 600 | _aएस ए साबावाला | ||
| 630 | _aकीनोट | ||
| 700 | _aएस ए साबावाला | ||
| 730 | _aकीनोट | ||
| 942 | _cBOOK | ||
| 999 |
_c1044729 _d1044726 |
||